[Event "Titled Tuesday intern op 13th Apr"]
[Site "Chess.com INT"]
[Date "2021.04.13"]
[Round "5"]
[White "Orantes Taboada, Francisco"]
[Black "Navalgund, Niranjan"]
[Result "1-0"]
[WhiteElo "2250"]
[BlackElo "2289"]
[PlyCount "131"]
[EventDate "2021.04.13"]
[EventType "swiss (blitz)"]
[EventRounds "11"]
[EventCountry "USA"]
[SourceTitle "CBM 201 Extra"]
[Source "ChessBase"]
[SourceDate "2021.05.31"]
[SourceVersion "1"]
[SourceVersionDate "2021.05.31"]
[SourceQuality "1"]

1. Nf3 Nf6 2. g3 g6 3. b3 Bg7 4. Bb2 0-0 5. Bg2 c5 6. 0-0 Nc6 7. c4 d5 8. d3 b6 9. Nbd2 Bb7 10. cxd5 Nxd5 11. Bxg7 Kxg7 12. Qc2 e5 13. Qb2 f6 14. Rac1 Qe7 15. Rfd1 Rfd8 16. Nc4 Nd4 17. Nxd4 exd4 18. e4 dxe3 19. fxe3 Rd7 20. Bxd5 Bxd5 21. Qf2 Rad8 22. Nb2 Bb7 23. Rd2 Qe5 24. Rf1 f5 25. Nc4 Qf6 26. e4 Rxd3 27. Rxd3 Rxd3 28. exf5 Rf3 29. Qb2 Rc3 30. fxg6 Qd4+ 31. Qf2 hxg6 32. Qxd4+ cxd4 33. Rd1 d3 34. Kf2 Be4 35. Ke3 Bf5 36. Rd2 Rc1 37. Ne5 Re1+ 38. Kd4 Re4+ 39. Kd5 Rxe5+ 40. Kxe5 Kf7 41. Rf2 Ke7 42. h4 b5 43. Kd4 Kd6 44. Rxf5 gxf5 45. Kxd3 Ke5 46. Ke3 b4 47. h5 Ke6 48. Kf4 Kf6 49. h6 Kg6 50. h7 Kxh7 51. Kxf5 Kg7 52. Ke4 Kf6 53. Kd4 Kg5 54. Kc4 Kg4 55. Kxb4 Kxg3 56. Ka5 Kf4 57. Ka6 Ke5 58. Kxa7 Kd5 59. Kb6 Kd4 60. a4 Kc3 61. a5 Kxb3 62. a6 Kb4 63. a7 Kc3 64. a8Q Kd4 65. Qa5 Ke3 66. Qd5 1-0

[Event "Titled Tuesday intern op 13th Apr"]
[Site "Chess.com INT"]
[Date "2021.04.13"]
[Round "1"]
[White "Rozman, Levy"]
[Black "Orantes Taboada, Francisco"]
[Result "1-0"]
[WhiteElo "2343"]
[BlackElo "2250"]
[PlyCount "135"]
[EventDate "2021.04.13"]
[EventType "swiss (blitz)"]
[EventRounds "11"]
[EventCountry "USA"]
[SourceTitle "CBM 201 Extra"]
[Source "ChessBase"]
[SourceDate "2021.05.31"]
[SourceVersion "1"]
[SourceVersionDate "2021.05.31"]
[SourceQuality "1"]

1. e4 c5 2. a3 g6 3. Nc3 Bg7 4. Bc4 Nc6 5. d3 d6 6. h4 h5 7. Nh3 Nf6 8. Ng5 e6 9. Ba2 Nd4 10. Ne2 Nxe2 11. Qxe2 0-0 12. f3 b5 13. g4 hxg4 14. h5 gxh5 15. fxg4 e5 16. gxh5 Bg4 17. Qg2 Bxh5 18. Rxh5 Nxh5 19. Qh3 Nf6 20. Bd5 Qc8 21. Qh2 Qg4 22. Bd2 Qh5 23. Qxh5 Nxh5 24. Nxf7 Nf6 25. Bxa8 Kxf7 26. Bc6 a6 27. 0-0-0 Rb8 28. Ba5 Ke7 29. Rg1 Bf8 30. a4 b4 31. Rf1 Ke6 32. c4 bxc3 33. bxc3 Be7 34. Kc2 Bd8 35. Bxd8 Rxd8 36. Rb1 Nd7 37. Bd5+ Ke7 38. Rb7 Rb8 39. Ra7 Rb6 40. Bb7 Kd8 41. a5 Rb5 42. Bc6 Rxa5 43. Rxd7+ Kc8 44. Rxd6 Kc7 45. Re6 Ra2+ 46. Kb3 Ra1 47. Bd5 a5 48. Kc4 a4 49. Kxc5 a3 50. Ra6 Kb8 51. c4 Kc7 52. Ra7+ Kb8 53. Ra8+ Kc7 54. Ra4 a2 55. Ra7+ Kb8 56. Ra8+ Kc7 57. Ra3 Kd7 58. Bc6+ Kc7 59. Kd5 Rd1 60. Rxa2 Rxd3+ 61. Kc5 Rb3 62. Bd5 Rb8 63. Rh2 Re8 64. Rh7+ Kb8 65. Kb6 Rc8 66. Rb7+ Ka8 67. Ra7+ Kb8 68. Ra8# 1-0

[Event "Titled Tuesday intern op 13th Apr"]
[Site "Chess.com INT"]
[Date "2021.04.13"]
[Round "9"]
[White "Sellitti, Federico"]
[Black "Orantes Taboada, Francisco"]
[Result "0-1"]
[WhiteElo "2176"]
[BlackElo "2250"]
[PlyCount "66"]
[EventDate "2021.04.13"]
[EventType "swiss (blitz)"]
[EventRounds "11"]
[EventCountry "USA"]
[SourceTitle "CBM 201 Extra"]
[Source "ChessBase"]
[SourceDate "2021.05.31"]
[SourceVersion "1"]
[SourceVersionDate "2021.05.31"]
[SourceQuality "1"]

1. e4 c5 2. Nc3 g6 3. g3 Bg7 4. Bg2 Nc6 5. d3 d6 6. Be3 e5 7. Qd2 Nge7 8. Bh6 0-0 9. h4 f6 10. Bxg7 Kxg7 11. h5 g5 12. h6+ Kf7 13. f4 gxf4 14. gxf4 Bg4 15. Bf3 Rg8 16. 0-0-0 Ke6 17. Bxg4+ Rxg4 18. Nd5 Nxd5 19. exd5+ Kxd5 20. f5 Nd4 21. c3 Nxf5 22. Qe2 Qg8 23. Qf3+ Ke6 24. Rf1 Rf4 25. Qe2 Ng3 26. Rxf4 Nxe2+ 27. Nxe2 exf4 28. Nxf4+ Kd7 29. Rd1 Qg5 30. Rf1 Re8 31. Kc2 Qxh6 32. Kb3 Re5 33. c4 Qg5 0-1

[Event "Titled Tuesday intern op 06th Apr"]
[Site "Chess.com INT"]
[Date "2021.04.06"]
[Round "9"]
[White "Orantes Taboada, Francisco"]
[Black "Hansen, Soren Bech"]
[Result "1-0"]
[WhiteElo "2250"]
[BlackElo "2274"]
[PlyCount "89"]
[EventDate "2021.04.06"]
[EventType "swiss (blitz)"]
[EventRounds "11"]
[EventCountry "USA"]
[SourceTitle "CBM 201 Extra"]
[Source "ChessBase"]
[SourceDate "2021.05.31"]
[SourceVersion "1"]
[SourceVersionDate "2021.05.31"]
[SourceQuality "1"]

1. Nf3 f5 2. d4 Nf6 3. c4 d6 4. Nc3 g6 5. b3 Bg7 6. Bb2 0-0 7. e3 Qe8 8. Be2 c6 9. Qc2 Na6 10. a3 e5 11. dxe5 dxe5 12. b4 Nc7 13. c5 e4 14. Nd4 Kh8 15. Bc4 Ne6 16. Nce2 Nxd4 17. Nxd4 Qe7 18. 0-0 Bd7 19. Nb3 Rad8 20. Rad1 Bc8 21. Na5 Ng4 22. Bxg7+ Qxg7 23. Rxd8 Rxd8 24. Rd1 Rxd1+ 25. Qxd1 Qe7 26. Qd4+ Nf6 27. Ba2 h6 28. h3 Kh7 29. a4 g5 30. b5 cxb5 31. axb5 Kg6 32. Nc4 Be6 33. Ne5+ Kg7 34. Bxe6 Qxe6 35. c6 bxc6 36. bxc6 Qd5 37. Qxa7+ Kg8 38. Qd4 Qxd4 39. exd4 Nd5 40. g4 fxg4 41. Nxg4 h5 42. Nf6+ Nxf6 43. c7 e3 44. c8Q+ Kg7 45. fxe3 1-0

[Event "Titled Tuesday intern op 06th Apr"]
[Site "Chess.com INT"]
[Date "2021.04.06"]
[Round "7"]
[White "Orantes Taboada, Francisco"]
[Black "Wiwatanadate, Poompong"]
[Result "1-0"]
[WhiteElo "2250"]
[BlackElo "2043"]
[PlyCount "105"]
[EventDate "2021.04.06"]
[EventType "swiss (blitz)"]
[EventRounds "11"]
[EventCountry "USA"]
[SourceTitle "CBM 201 Extra"]
[Source "ChessBase"]
[SourceDate "2021.05.31"]
[SourceVersion "1"]
[SourceVersionDate "2021.05.31"]
[SourceQuality "1"]

1. Nf3 g6 2. d4 Bg7 3. b3 c5 4. Bb2 Nc6 5. e3 d6 6. c4 e6 7. Qd2 cxd4 8. Nxd4 Nxd4 9. Bxd4 Bxd4 10. Qxd4 Qf6 11. Nc3 Qxd4 12. exd4 Ne7 13. Nb5 Kd7 14. g3 a6 15. Nc3 Nc6 16. 0-0-0 b6 17. d5 Nd8 18. dxe6+ fxe6 19. Bg2 Rb8 20. Ne4 Nf7 21. Rhe1 Bb7 22. Nf6+ Ke7 23. Nd5+ Bxd5 24. Rxd5 b5 25. cxb5 Rhc8+ 26. Kb2 axb5 27. f4 Rc5 28. Rxc5 dxc5 29. Kc3 Nd6 30. a4 b4+ 31. Kd3 Nf5 32. Kc4 Rc8 33. a5 Nd6+ 34. Kd3 c4+ 35. bxc4 Nxc4 36. a6 Nb6 37. a7 Kd6 38. Rb1 Nd5 39. Bxd5 exd5 40. Rxb4 Ra8 41. Rb7 Kc6 42. Rxh7 Kc5 43. Rc7+ Kb6 44. Rg7 Kc5 45. g4 d4 46. f5 gxf5 47. gxf5 Rf8 48. f6 Kb6 49. h4 Rh8 50. h5 Kc5 51. h6 Kd5 52. h7 Rf8 53. Rg8 1-0

[Event "Titled Tuesday intern op 23rd Mar"]
[Site "Chess.com INT"]
[Date "2021.03.23"]
[Round "9"]
[White "Orantes Taboada, Francisco"]
[Black "Rosenberg, Evan"]
[Result "1-0"]
[WhiteElo "2263"]
[BlackElo "2125"]
[PlyCount "57"]
[EventDate "2021.03.23"]
[EventType "swiss (blitz)"]
[EventRounds "11"]
[EventCountry "USA"]
[SourceTitle "CBM 201 Extra"]
[Source "ChessBase"]
[SourceDate "2021.05.31"]
[SourceVersion "1"]
[SourceVersionDate "2021.05.31"]
[SourceQuality "1"]

1. Nf3 Nf6 2. g3 b5 3. Bg2 Bb7 4. d4 e6 5. 0-0 c5 6. c4 bxc4 7. Qa4 cxd4 8. Qxc4 Be7 9. Rd1 0-0 10. Qxd4 Na6 11. Nc3 Qa5 12. Bf4 Bc5 13. Qd2 d5 14. Be5 Ng4 15. e3 Nxe5 16. Nxe5 Qc7 17. Nd3 Bb6 18. Rac1 d4 19. Nd5 Qd7 20. Nxb6 axb6 21. Bxb7 dxe3 22. Qxe3 Qxb7 23. Ne5 Nc5 24. b4 Na4 25. Rd7 Qa6 26. Rcc7 Nb2 27. Nxf7 Nc4 28. Nh6+ Kh8 29. Rxg7 1-0

[Event "Titled Tuesday intern op 23rd Mar"]
[Site "Chess.com INT"]
[Date "2021.03.23"]
[Round "7"]
[White "Rusan, Paul Cristian"]
[Black "Orantes Taboada, Francisco"]
[Result "0-1"]
[WhiteElo "2106"]
[BlackElo "2263"]
[PlyCount "126"]
[EventDate "2021.03.23"]
[EventType "swiss (blitz)"]
[EventRounds "11"]
[EventCountry "USA"]
[SourceTitle "CBM 201 Extra"]
[Source "ChessBase"]
[SourceDate "2021.05.31"]
[SourceVersion "1"]
[SourceVersionDate "2021.05.31"]
[SourceQuality "1"]

1. e4 c5 2. b4 cxb4 3. Bb2 d6 4. d4 g6 5. d5 Nf6 6. f4 Bg7 7. Nf3 0-0 8. Bd3 Nbd7 9. 0-0 Ng4 10. Bxg7 Kxg7 11. Qe2 Qb6+ 12. Kh1 Nc5 13. a3 Nxd3 14. cxd3 Qe3 15. Ra2 Qxe2 16. Rxe2 bxa3 17. Nxa3 Bd7 18. e5 dxe5 19. fxe5 Bf5 20. Rd1 Rfd8 21. h3 Nh6 22. g4 Nxg4 23. hxg4 Bxg4 24. Kg2 Rxd5 25. Nc4 Rad8 26. Ne3 Bxf3+ 27. Kxf3 Rxd3 28. Rxd3 Rxd3 29. Ke4 Rd7 30. Nd5 h5 31. Nf4 Rc7 32. e6 Rc4+ 33. Kf3 fxe6 34. Nxe6+ Kf6 35. Nf4 e5 36. Nd5+ Ke6 37. Ne3 Rf4+ 38. Kg3 g5 39. Rb2 b6 40. Ra2 a5 41. Rb2 Rb4 42. Rc2 h4+ 43. Kf2 Rf4+ 44. Ke2 e4 45. Rc6+ Kd7 46. Rxb6 h3 47. Rh6 Rh4 48. Rxh4 gxh4 49. Ng4 a4 50. Kd2 a3 51. Kc3 e3 52. Nxe3 h2 53. Nf1 h1Q 54. Nd2 Qc6+ 55. Kb3 Qd6 56. Nc4 Qd3+ 57. Kb4 Qxc4+ 58. Kxc4 a2 59. Kd3 a1Q 60. Ke4 h3 61. Kf4 h2 62. Kg4 h1Q 63. Kg3 Qag1+ 0-1

[Event "Titled Tuesday intern op 16th Mar"]
[Site "Chess.com INT"]
[Date "2021.03.16"]
[Round "2"]
[White "Cagara, Paulina"]
[Black "Orantes Taboada, Francisco"]
[Result "0-1"]
[WhiteElo "2027"]
[BlackElo "2263"]
[PlyCount "90"]
[EventDate "2021.03.16"]
[EventType "swiss (blitz)"]
[EventRounds "11"]
[EventCountry "USA"]
[SourceTitle "CBM 201 Extra"]
[Source "ChessBase"]
[SourceDate "2021.05.31"]
[SourceVersion "1"]
[SourceVersionDate "2021.05.31"]
[SourceQuality "1"]

1. e4 c5 2. Nc3 g6 3. d4 cxd4 4. Qxd4 Nf6 5. e5 Nc6 6. Qe3 Ng8 7. Nf3 Bg7 8. Bb5 Nh6 9. 0-0 0-0 10. Bxc6 dxc6 11. Qe2 Qa5 12. h3 Rd8 13. Bg5 Nf5 14. g4 Nd4 15. Nxd4 Rxd4 16. Bxe7 Qxe5 17. Qxe5 Bxe5 18. Rfe1 f6 19. Ne4 Kf7 20. Bc5 Rd5 21. c4 Rd3 22. g5 Bxh3 23. gxf6 Bxf6 24. Nd6+ Kg7 25. Nxb7 Rb8 26. Nd6 Bd7 27. Rab1 Rxb2 28. Ne4 Rxb1 29. Rxb1 Be5 30. Rb7 Kg8 31. Kg2 Bf5 32. Ng3 Be6 33. Re7 Bxg3 34. Rxe6 Bh4 35. Rxc6 Bd8 36. Rc8 Kf7 37. Bxa7 Be7 38. Rc7 Ke6 39. c5 Rd2 40. c6 Bd6 41. Rd7 Rxa2 42. c7 Kxd7 43. Bb8 Bxc7 44. Bxc7 Kxc7 45. Kg3 Ra4 0-1